书目信息 |
| 题名: |
战争事典
|
|
| 作者: | ;指文烽火工作室 著 | |
| 分册: | 017 | |
| 出版信息: | 北京 台海出版社 2016.03 |
|
| 页数: | 181页 | |
| 开本: | 23cm | |
| 丛书名: | 指文战争事典 | |
| 单 册: | ||
| 中图分类: | E19 | |
| 科图分类: | ||
| 主题词: | 战争史--zhan zheng shi--世界--史料 | |
| 电子资源: | ||
| ISBN: | 978-7-5168-0873-3 | |
| 000 | 01058nam 2200265 450 | |
| 001 | CAL 0120161814707 | |
| 005 | 20230307164000.94 | |
| 010 | @a978-7-5168-0873-3@dCNY79.8 | |
| 100 | @a20160406d2016 em y0chiy0120 ea | |
| 101 | 0 | @achi |
| 102 | @aCN@b110000 | |
| 105 | @aabckz 000yy | |
| 106 | @ar | |
| 200 | 1 | @a战争事典@Azhan zheng shi dian@d= War story 1603@h017@f指文烽火工作室著@zeng |
| 210 | @a北京@c台海出版社@d2016.03 | |
| 215 | @a181页@c彩图, 地图, 肖像@d23cm | |
| 225 | 2 | @a指文战争事典@Azhi wen zhan zheng shi dian@v017 |
| 330 | @a本书收录了华盛顿的将略 —— 扭转美国独立战争危局的特伦顿之战 ; 第二波斯帝国 —— 萨珊王朝兴亡简史等文章, 内容均由相关领域军事、文史爱好者撰写, 通过精美的图片、通俗的文字、独到的视角理清了历史的脉络, 具有通俗性、可读性等特点。 | |
| 410 | 0 | @12001 @a指文战争事典@v017 |
| 510 | 1 | @aWar story 1603@zeng |
| 606 | 0 | @a战争史@Azhan zheng shi@y世界@j史料 |
| 690 | @aE19@v5 | |
| 711 | 02 | @a指文烽火工作室@Azhi wen feng huo gong zuo shi@4著 |
| 801 | 0 | @aCN@bBJXHZP@c20230228 |
| 905 | @b1405260-3@dE19@e141:17@f4 | |
| 战争事典= War story 1603.017/指文烽火工作室著.-北京:台海出版社,2016.03 |
| 181页:彩图, 地图, 肖像;23cm.-(指文战争事典;017) |
| ISBN 978-7-5168-0873-3:CNY79.8 |
| 本书收录了华盛顿的将略 —— 扭转美国独立战争危局的特伦顿之战 ; 第二波斯帝国 —— 萨珊王朝兴亡简史等文章, 内容均由相关领域军事、文史爱好者撰写, 通过精美的图片、通俗的文字、独到的视角理清了历史的脉络, 具有通俗性、可读性等特点。 |
| ● |
| 相关链接 |
|
|
|
|
正题名:战争事典
索取号:E19/141:17
 
预约/预借
| 序号 | 登录号 | 条形码 | 馆藏地/架位号 | 状态 | 备注 |
| 1 | 1405260 | 214052601 | 第一样本阅览室/ [索取号:E19/141:17] | 在馆 | |
| 2 | 1405261 | 214052610 | 第一借阅区/ [索取号:E19/141:17] | 在馆 | |
| 3 | 1405262 | 214052629 | 第一借阅区/ [索取号:E19/141:17] | 在馆 | |
| 4 | 1405263 | 214052638 | 第一借阅区/ [索取号:E19/141:17] | 在馆 |